[Event "45th FIDE Chess Olympiad Open"]
[Site "Budapest, Hungary"]
[Date "2024.09.22"]
[Round "11"]
[White "Kristopher, Reynard"]
[Black "Abugenda, Nagi"]
[Result "1-0"]
[Board "208"]
[WhiteFideId "7124333"]
[BlackFideId "9202544"]
[WhiteElo "2114"]
[BlackElo "1975"]
[WhiteTeam "Indonesia"]
[BlackTeam "Libya"]
[WhiteClock "0:28:01"]
[BlackClock "0:38:35"]
[Variant "Standard"]

1. d4 {[%clk 1:30:57]}  Nf6 {[%clk 1:30:54]} 2. Nc3 {[%clk 1:31:23]}  d5 {[%clk 1:31:08]} 3. Bf4 {[%clk 1:31:48]}  c5 {[%clk 1:31:23]} 4. e3 {[%clk 1:31:54]}  cxd4 {[%clk 1:31:32]} 5. exd4 {[%clk 1:32:19]}  a6 {[%clk 1:31:41]} 6. Nf3 {[%clk 1:32:44]}  Bf5 {[%clk 1:31:40]} 7. Ne5 {[%clk 1:23:48]}  h6 {[%clk 1:30:21]} 8. Bd3 {[%clk 1:20:10]}  Bxd3 {[%clk 1:30:42]} 9. Qxd3 {[%clk 1:20:16]}  Nc6 {[%clk 1:29:10]} 10. O-O-O {[%clk 1:09:16]}  e6 {[%clk 1:27:16]} 11. g4 {[%clk 0:53:17]}  Bd6 {[%clk 1:21:21]} 12. Rhg1 {[%clk 0:44:46]}  Qc7 {[%clk 1:18:42]} 13. Qe3 {[%clk 0:38:37]}  Rc8 {[%clk 1:11:49]} 14. Kb1 {[%clk 0:31:38]}  b5 {[%clk 1:08:48]} 15. h4 {[%clk 0:18:57]}  Nb4 {[%clk 1:04:55]} 16. a3 {[%clk 0:13:33]}  Nc6 {[%clk 1:03:48]} 17. g5 {[%clk 0:09:53]}  hxg5 {[%clk 0:57:54]} 18. hxg5 {[%clk 0:10:00]}  Bxe5 {[%clk 0:46:43]} 19. Bxe5 {[%clk 0:07:11]}  Nxe5 {[%clk 0:47:01]} 20. gxf6 {[%clk 0:01:56]}  Nc4 {[%clk 0:46:53]} 21. fxg7 {[%clk 0:00:55]}  Rg8 {[%clk 0:47:07]} 22. Qh3 {[%clk 0:00:43]}  Nxa3+ {[%clk 0:45:22]} 23. bxa3 {[%clk 0:00:53]}  Qxc3 {[%clk 0:45:16]} 24. Qh7 {[%clk 0:00:56]}  Ke7 {[%clk 0:43:09]} 25. Rg3 {[%clk 0:00:57]}  Qc4 {[%clk 0:42:43]} 26. Rd2 {[%clk 0:00:42]}  Qf1+ {[%clk 0:35:36]} 27. Kb2 {[%clk 0:00:51]}  Qe1 {[%clk 0:35:11]} 28. Qh4+ {[%clk 0:00:41]}  Ke8 {[%clk 0:33:28]} 29. Qf4 {[%clk 0:00:37]}  Qe4 {[%clk 0:18:47]} 30. Qf6 {[%clk 0:00:37]}  b4 {[%clk 0:09:33]} 31. axb4 {[%clk 0:00:40]}  Qe1 {[%clk 0:08:27]} 32. Re3 {[%clk 0:00:36]}  Qxd2 {[%clk 0:07:56]} 33. Rxe6+ {[%clk 0:01:02]}  fxe6 {[%clk 0:08:17]} 34. Qxe6+ {[%clk 0:01:30]}  Kd8 {[%clk 0:08:38]} 35. Qxg8+ {[%clk 0:01:54]}  Kc7 {[%clk 0:08:12]} 36. Qxc8+ {[%clk 0:02:06]}  Kxc8 {[%clk 0:08:37]} 37. g8=Q+ {[%clk 0:02:31]}  Kc7 {[%clk 0:08:59]} 38. Qxd5 {[%clk 0:01:30]}  Qxb4+ {[%clk 0:09:16]} 39. Qb3 {[%clk 0:01:56]}  Qf8 {[%clk 0:08:58]} 40. Qc4+ {[%clk 0:02:00]}  Kb7 {[%clk 0:09:14]} 41. Qd5+ {[%clk 0:01:35]}  Kb8 {[%clk 0:09:01]} 42. f4 {[%clk 0:01:52]}  Qh6 {[%clk 0:08:27]} 43. f5 {[%clk 0:01:38]}  Ka7 {[%clk 0:08:14]} 44. Qd7+ {[%clk 0:01:58]}  Ka8 {[%clk 0:08:20]} 45. Qd8+ {[%clk 0:02:09]}  Ka7 {[%clk 0:08:34]} 46. Qe7+ {[%clk 0:27:19]}  Kb8 {[%clk 0:38:29]} 47. f6 {[%clk 0:27:36]}  Qd2 {[%clk 0:38:35]} 48. Qd6+ {[%clk 0:28:01]} 1-0

[Event "45th FIDE Chess Olympiad Open"]
[Site "Budapest, Hungary"]
[Date "2024.09.22"]
[Round "11"]
[White "Liyanage, Ranindu Dilshan"]
[Black "Laohawirapap, Prin"]
[Result "1/2-1/2"]
[Board "209"]
[WhiteFideId "9915834"]
[BlackFideId "6205003"]
[WhiteTitle "IM"]
[BlackTitle "IM"]
[WhiteElo "2366"]
[BlackElo "2380"]
[WhiteTeam "Sri Lanka"]
[BlackTeam "Thailand"]
[WhiteClock "0:11:08"]
[BlackClock "0:06:55"]
[Variant "Standard"]

1. e4 {[%clk 1:30:31]}  c5 {[%clk 1:30:54]} 2. Nf3 {[%clk 1:30:46]}  d6 {[%clk 1:31:11]} 3. d4 {[%clk 1:31:07]}  cxd4 {[%clk 1:31:32]} 4. Nxd4 {[%clk 1:31:32]}  Nf6 {[%clk 1:31:56]} 5. Nc3 {[%clk 1:31:55]}  a6 {[%clk 1:32:07]} 6. Qd3 {[%clk 1:32:07]}  e6 {[%clk 1:32:12]} 7. a4 {[%clk 1:32:27]}  Be7 {[%clk 1:31:29]} 8. Be2 {[%clk 1:32:20]}  O-O {[%clk 1:31:30]} 9. O-O {[%clk 1:32:12]}  Bd7 {[%clk 1:26:57]} 10. Be3 {[%clk 1:31:28]}  Nc6 {[%clk 1:25:45]} 11. Nxc6 {[%clk 1:30:38]}  Bxc6 {[%clk 1:23:22]} 12. a5 {[%clk 1:30:49]}  Rc8 {[%clk 1:05:14]} 13. Rfd1 {[%clk 1:26:25]}  d5 {[%clk 1:02:33]} 14. exd5 {[%clk 1:23:52]}  Nxd5 {[%clk 1:01:53]} 15. Nxd5 {[%clk 1:23:50]}  Qxd5 {[%clk 0:56:49]} 16. Qxd5 {[%clk 1:23:08]}  Bxd5 {[%clk 0:56:56]} 17. c4 {[%clk 1:10:42]}  Bc6 {[%clk 0:46:40]} 18. Bb6 {[%clk 0:48:51]}  h6 {[%clk 0:35:29]} 19. b3 {[%clk 0:46:09]}  Rfe8 {[%clk 0:33:32]} 20. Ra2 {[%clk 0:35:50]}  Bb4 {[%clk 0:28:59]} 21. Kf1 {[%clk 0:29:08]}  Kf8 {[%clk 0:24:42]} 22. Bf3 {[%clk 0:21:57]}  Bxf3 {[%clk 0:17:50]} 23. gxf3 {[%clk 0:22:22]}  Ke7 {[%clk 0:17:42]} 24. Ke2 {[%clk 0:20:05]}  Rc6 {[%clk 0:17:35]} 25. Rd4 {[%clk 0:17:49]}  Rec8 {[%clk 0:17:03]} 26. Rc2 {[%clk 0:16:48]}  g6 {[%clk 0:13:31]} 27. h4 {[%clk 0:14:52]}  h5 {[%clk 0:13:03]} 28. Rc1 {[%clk 0:14:29]}  Rd6 {[%clk 0:11:15]} 29. Rxd6 {[%clk 0:10:52]}  Bxd6 {[%clk 0:11:39]} 30. Ke3 {[%clk 0:10:53]}  e5 {[%clk 0:10:38]} 31. c5 {[%clk 0:08:05]}  Ke6 {[%clk 0:10:50]} 32. Rc4 {[%clk 0:05:38]}  Bf8 {[%clk 0:06:54]} 33. b4 {[%clk 0:05:20]}  f5 {[%clk 0:07:03]} 34. Rc3 {[%clk 0:04:59]}  Be7 {[%clk 0:05:26]} 35. Rd3 {[%clk 0:04:31]}  g5 {[%clk 0:03:05]} 36. hxg5 {[%clk 0:04:54]}  Bxg5+ {[%clk 0:03:31]} 37. Ke2 {[%clk 0:05:18]}  Be7 {[%clk 0:03:56]} 38. f4 {[%clk 0:05:28]}  e4 {[%clk 0:03:39]} 39. Rd1 {[%clk 0:05:52]}  h4 {[%clk 0:02:47]} 40. f3 {[%clk 0:02:16]}  exf3+ {[%clk 0:01:20]} 41. Kxf3 {[%clk 0:02:40]}  Rg8 {[%clk 0:25:34]} 42. c6 {[%clk 0:26:30]}  bxc6 {[%clk 0:21:24]} 43. Bc5 {[%clk 0:26:21]}  Rg3+ {[%clk 0:16:16]} 44. Kf2 {[%clk 0:25:32]}  Bxc5+ {[%clk 0:15:07]} 45. bxc5 {[%clk 0:25:54]}  Ra3 {[%clk 0:15:29]} 46. Rd6+ {[%clk 0:25:46]}  Ke7 {[%clk 0:15:21]} 47. Rxc6 {[%clk 0:25:26]}  Rxa5 {[%clk 0:13:41]} 48. Rh6 {[%clk 0:17:52]}  Kf7 {[%clk 0:07:24]} 49. c6 {[%clk 0:14:56]}  Rc5 {[%clk 0:07:47]} 50. c7 {[%clk 0:14:52]}  Kg7 {[%clk 0:08:10]} 51. Rxa6 {[%clk 0:13:14]}  Rxc7 {[%clk 0:08:24]} 52. Kg2 {[%clk 0:10:53]}  Rc4 {[%clk 0:08:28]} 53. Kf3 {[%clk 0:10:59]}  Rc3+ {[%clk 0:07:02]} 54. Kg2 {[%clk 0:11:21]}  Rg3+ {[%clk 0:06:55]} 55. Kf2 {[%clk 0:10:59]}  Rg4 {[%clk 0:06:20]} 56. Kf3 {[%clk 0:11:05]}  Rg1 {[%clk 0:06:19]} 57. Kf2 {[%clk 0:10:44]}  Rg4 {[%clk 0:06:44]} 58. Kf3 {[%clk 0:11:07]}  Rg6 {[%clk 0:07:10]} 59. Rxg6+ {[%clk 0:09:39]}  Kxg6 {[%clk 0:07:32]} 60. Kg2 {[%clk 0:10:06]}  Kh6 {[%clk 0:07:40]} 61. Kh2 {[%clk 0:10:20]}  Kg6 {[%clk 0:08:02]} 62. Kg2 {[%clk 0:10:44]}  Kh6 {[%clk 0:06:55]} 63. Kh2 {[%clk 0:11:08]} 1/2-1/2

[Event "45th FIDE Chess Olympiad Open"]
[Site "Budapest, Hungary"]
[Date "2024.09.22"]
[Round "11"]
[White "Kulpruethanon, Thanadon"]
[Black "Amarathunga, Kosala Sandeepa Chamikara"]
[Result "1-0"]
[Board "210"]
[WhiteFideId "6201610"]
[BlackFideId "29970954"]
[WhiteTitle "FM"]
[WhiteElo "2286"]
[BlackElo "1956"]
[WhiteTeam "Thailand"]
[BlackTeam "Sri Lanka"]
[WhiteClock "0:26:26"]
[BlackClock "0:30:25"]
[Variant "Standard"]

1. d4 {[%clk 1:30:56]}  Nf6 {[%clk 1:27:29]} 2. c4 {[%clk 1:31:17]}  e6 {[%clk 1:26:18]} 3. Nf3 {[%clk 1:31:36]}  d5 {[%clk 1:25:44]} 4. g3 {[%clk 1:31:51]}  dxc4 {[%clk 1:24:04]} 5. Bg2 {[%clk 1:31:44]}  Nc6 {[%clk 1:24:08]} 6. Qa4 {[%clk 1:31:29]}  Nd7 {[%clk 1:24:00]} 7. Qxc4 {[%clk 1:29:56]}  Nb6 {[%clk 1:24:14]} 8. Qd3 {[%clk 1:29:03]}  e5 {[%clk 1:22:22]} 9. Nxe5 {[%clk 1:13:35]}  Nb4 {[%clk 1:22:00]} 10. Qc3 {[%clk 1:09:13]}  Qxd4 {[%clk 1:21:57]} 11. O-O {[%clk 1:08:47]}  Qxc3 {[%clk 1:21:16]} 12. Nxc3 {[%clk 1:09:08]}  c6 {[%clk 1:20:49]} 13. a3 {[%clk 1:06:12]}  N4d5 {[%clk 1:17:24]} 14. Nxd5 {[%clk 1:04:42]}  Nxd5 {[%clk 1:17:47]} 15. Bd2 {[%clk 0:59:26]}  Be6 {[%clk 1:13:07]} 16. b4 {[%clk 0:56:46]}  g6 {[%clk 1:04:11]} 17. Rab1 {[%clk 0:55:53]}  Bg7 {[%clk 1:04:04]} 18. Nd3 {[%clk 0:43:03]}  Rd8 {[%clk 0:56:50]} 19. Nc5 {[%clk 0:36:34]}  Bc8 {[%clk 0:55:14]} 20. Rfc1 {[%clk 0:32:47]}  O-O {[%clk 0:53:53]} 21. a4 {[%clk 0:23:55]}  h6 {[%clk 0:49:08]} 22. e4 {[%clk 0:17:44]}  Nf6 {[%clk 0:46:10]} 23. Bc3 {[%clk 0:16:18]}  Rfe8 {[%clk 0:44:18]} 24. f3 {[%clk 0:15:12]}  Nd7 {[%clk 0:25:02]} 25. Bxg7 {[%clk 0:11:56]}  Kxg7 {[%clk 0:24:45]} 26. Rd1 {[%clk 0:06:50]}  Nxc5 {[%clk 0:14:29]} 27. bxc5 {[%clk 0:07:16]}  Be6 {[%clk 0:14:40]} 28. a5 {[%clk 0:05:51]}  a6 {[%clk 0:11:46]} 29. Bf1 {[%clk 0:05:41]}  Rxd1 {[%clk 0:11:28]} 30. Rxd1 {[%clk 0:06:07]}  Re7 {[%clk 0:10:02]} 31. Kf2 {[%clk 0:06:05]}  Bb3 {[%clk 0:07:53]} 32. Rb1 {[%clk 0:02:59]}  Ba4 {[%clk 0:07:58]} 33. Ke3 {[%clk 0:03:10]}  f5 {[%clk 0:03:28]} 34. Bh3 {[%clk 0:02:22]}  Kf6 {[%clk 0:02:32]} 35. Rb2 {[%clk 0:02:06]}  Bb5 {[%clk 0:02:37]} 36. Rd2 {[%clk 0:02:13]}  Ba4 {[%clk 0:01:20]} 37. Rd6+ {[%clk 0:02:07]}  Kf7 {[%clk 0:01:05]} 38. Kd4 {[%clk 0:02:02]}  fxe4 {[%clk 0:01:00]} 39. fxe4 {[%clk 0:02:10]}  Bc2 {[%clk 0:01:12]} 40. Rd7 {[%clk 0:00:50]}  Ke8 {[%clk 0:00:37]} 41. Rxe7+ {[%clk 0:01:05]}  Kxe7 {[%clk 0:01:06]} 42. Bc8 {[%clk 0:29:49]}  Ba4 {[%clk 0:30:29]} 43. Bxb7 {[%clk 0:30:08]}  Bb5 {[%clk 0:30:53]} 44. Ke5 {[%clk 0:26:00]}  Kd7 {[%clk 0:30:40]} 45. Kf6 {[%clk 0:26:17]}  Bd3 {[%clk 0:27:38]} 46. e5 {[%clk 0:23:59]}  Bc4 {[%clk 0:27:54]} 47. e6+ {[%clk 0:23:19]}  Bxe6 {[%clk 0:28:10]} 48. Bc8+ {[%clk 0:23:09]}  Kxc8 {[%clk 0:28:24]} 49. Kxe6 {[%clk 0:23:36]}  Kc7 {[%clk 0:28:45]} 50. Ke7 {[%clk 0:23:54]}  g5 {[%clk 0:28:13]} 51. g4 {[%clk 0:24:17]}  Kb7 {[%clk 0:28:21]} 52. Kd7 {[%clk 0:24:38]}  Kb8 {[%clk 0:28:49]} 53. Kxc6 {[%clk 0:25:01]}  Kc8 {[%clk 0:29:17]} 54. Kb6 {[%clk 0:25:20]}  Kb8 {[%clk 0:29:39]} 55. c6 {[%clk 0:25:28]}  Kc8 {[%clk 0:30:07]} 56. c7 {[%clk 0:25:24]}  h5 {[%clk 0:29:28]} 57. gxh5 {[%clk 0:25:44]}  g4 {[%clk 0:29:57]} 58. h6 {[%clk 0:26:04]}  g3 {[%clk 0:30:25]} 59. hxg3 {[%clk 0:26:26]} 1-0

[Event "45th FIDE Chess Olympiad Open"]
[Site "Budapest, Hungary"]
[Date "2024.09.22"]
[Round "11"]
[White "Kodithuwakku, K K Dinujaya"]
[Black "Bodemar, Jonathan"]
[Result "1-0"]
[Board "211"]
[WhiteFideId "9998845"]
[BlackFideId "6205488"]
[WhiteElo "1827"]
[BlackElo "2195"]
[WhiteTeam "Sri Lanka"]
[BlackTeam "Thailand"]
[WhiteClock "0:17:18"]
[BlackClock "0:00:45"]
[Variant "Standard"]

1. e4 {[%clk 1:30:50]}  e6 {[%clk 1:30:49]} 2. d4 {[%clk 1:31:08]}  d5 {[%clk 1:31:13]} 3. e5 {[%clk 1:31:26]}  c5 {[%clk 1:31:35]} 4. c3 {[%clk 1:31:45]}  Nc6 {[%clk 1:32:00]} 5. Nf3 {[%clk 1:32:04]}  Nge7 {[%clk 1:32:12]} 6. Na3 {[%clk 1:31:17]}  cxd4 {[%clk 1:31:20]} 7. cxd4 {[%clk 1:31:36]}  Nf5 {[%clk 1:31:45]} 8. Nc2 {[%clk 1:31:52]}  Bd7 {[%clk 1:29:29]} 9. Bd3 {[%clk 1:30:11]}  Qb6 {[%clk 1:24:32]} 10. O-O {[%clk 1:29:57]}  a5 {[%clk 1:24:51]} 11. Kh1 {[%clk 1:26:05]}  Nb4 {[%clk 1:17:04]} 12. Nxb4 {[%clk 1:24:44]}  axb4 {[%clk 1:16:45]} 13. a4 {[%clk 1:24:11]}  bxa3 {[%clk 0:59:37]} 14. bxa3 {[%clk 1:23:19]}  Ba4 {[%clk 0:59:25]} 15. Qe2 {[%clk 1:20:00]}  Ne7 {[%clk 0:46:11]} 16. Rb1 {[%clk 1:10:14]}  Qc7 {[%clk 0:46:18]} 17. Ng5 {[%clk 0:56:20]}  h6 {[%clk 0:40:21]} 18. Nh7 {[%clk 0:51:45]}  Rxh7 {[%clk 0:28:27]} 19. Bxh7 {[%clk 0:51:43]}  g6 {[%clk 0:28:52]} 20. Be3 {[%clk 0:46:32]}  Bc6 {[%clk 0:24:54]} 21. h4 {[%clk 0:44:40]}  Nf5 {[%clk 0:17:13]} 22. h5 {[%clk 0:43:57]}  Rxa3 {[%clk 0:17:36]} 23. Qg4 {[%clk 0:33:51]}  gxh5 {[%clk 0:09:02]} 24. Qxh5 {[%clk 0:33:47]}  Ne7 {[%clk 0:05:39]} 25. Bxh6 {[%clk 0:29:39]}  Bxh6 {[%clk 0:05:27]} 26. Qxh6 {[%clk 0:30:00]}  Qa5 {[%clk 0:05:41]} 27. Qf4 {[%clk 0:26:56]}  Ra2 {[%clk 0:05:18]} 28. Bd3 {[%clk 0:23:31]}  Ra4 {[%clk 0:03:29]} 29. Rfd1 {[%clk 0:22:21]}  Ra2 {[%clk 0:02:40]} 30. Kg1 {[%clk 0:21:52]}  Qa4 {[%clk 0:02:45]} 31. Bf1 {[%clk 0:17:31]}  Ng6 {[%clk 0:02:17]} 32. Qe3 {[%clk 0:16:44]}  Ra3 {[%clk 0:02:25]} 33. Rd3 {[%clk 0:16:30]}  Ra2 {[%clk 0:02:33]} 34. Rdb3 {[%clk 0:16:39]}  Ne7 {[%clk 0:02:04]} 35. Rxb7 {[%clk 0:16:54]}  Bxb7 {[%clk 0:00:45]} 36. Bb5+ {[%clk 0:17:18]} 1-0

[Event "45th FIDE Chess Olympiad Open"]
[Site "Budapest, Hungary"]
[Date "2024.09.22"]
[Round "11"]
[White "Teerapabpaisit, Wisuwat"]
[Black "Bandara, Dhanushka"]
[Result "1/2-1/2"]
[Board "212"]
[WhiteFideId "6200176"]
[BlackFideId "9908048"]
[WhiteTitle "FM"]
[WhiteElo "2070"]
[BlackElo "1903"]
[WhiteTeam "Thailand"]
[BlackTeam "Sri Lanka"]
[WhiteClock "0:06:12"]
[BlackClock "0:00:35"]
[Variant "Standard"]

1. e4 {[%clk 1:30:58]}  d6 {[%clk 1:30:22]} 2. d4 {[%clk 1:31:11]}  Nf6 {[%clk 1:30:38]} 3. Nc3 {[%clk 1:31:37]}  Nbd7 {[%clk 1:30:38]} 4. Be3 {[%clk 1:29:41]}  e5 {[%clk 1:30:40]} 5. d5 {[%clk 1:29:32]}  c6 {[%clk 1:28:44]} 6. f3 {[%clk 1:29:15]}  Qa5 {[%clk 1:18:16]} 7. Qd2 {[%clk 1:29:18]}  Be7 {[%clk 1:14:22]} 8. a3 {[%clk 1:27:01]}  cxd5 {[%clk 1:09:55]} 9. exd5 {[%clk 1:27:11]}  a6 {[%clk 1:09:57]} 10. Bc4 {[%clk 1:23:09]}  b5 {[%clk 1:09:02]} 11. Bb3 {[%clk 1:21:01]}  Qc7 {[%clk 1:08:04]} 12. Nge2 {[%clk 1:20:18]}  Nb6 {[%clk 1:05:12]} 13. O-O {[%clk 1:15:04]}  O-O {[%clk 0:59:49]} 14. Ng3 {[%clk 1:13:08]}  Nc4 {[%clk 0:58:51]} 15. Bxc4 {[%clk 1:13:16]}  Qxc4 {[%clk 0:58:16]} 16. Rad1 {[%clk 1:10:10]}  Bd7 {[%clk 0:55:24]} 17. Qd3 {[%clk 1:10:23]}  Qxd3 {[%clk 0:54:37]} 18. cxd3 {[%clk 1:03:01]}  Rfb8 {[%clk 0:34:50]} 19. d4 {[%clk 1:01:55]}  exd4 {[%clk 0:34:36]} 20. Bxd4 {[%clk 1:01:10]}  b4 {[%clk 0:34:12]} 21. axb4 {[%clk 1:01:03]}  Rxb4 {[%clk 0:34:32]} 22. Rd2 {[%clk 0:59:52]}  Rab8 {[%clk 0:34:12]} 23. Ra1 {[%clk 0:58:57]}  Bc8 {[%clk 0:29:22]} 24. Ra2 {[%clk 0:47:13]}  Ne8 {[%clk 0:24:31]} 25. Nge2 {[%clk 0:41:30]}  Nc7 {[%clk 0:23:26]} 26. Kf2 {[%clk 0:40:31]}  f5 {[%clk 0:22:52]} 27. g3 {[%clk 0:38:22]}  Kf7 {[%clk 0:22:57]} 28. Be3 {[%clk 0:37:22]}  Nb5 {[%clk 0:21:25]} 29. Nd4 {[%clk 0:34:14]}  Nxd4 {[%clk 0:21:14]} 30. Bxd4 {[%clk 0:34:39]}  Bb7 {[%clk 0:19:16]} 31. Nd1 {[%clk 0:30:26]}  Bxd5 {[%clk 0:13:24]} 32. Rxa6 {[%clk 0:30:53]}  Ra8 {[%clk 0:13:39]} 33. Rb6 {[%clk 0:29:37]}  Rxb6 {[%clk 0:13:02]} 34. Bxb6 {[%clk 0:30:05]}  Be6 {[%clk 0:12:16]} 35. Bc7 {[%clk 0:28:36]}  Ra6 {[%clk 0:12:32]} 36. Ne3 {[%clk 0:26:37]}  Rc6 {[%clk 0:05:45]} 37. Rc2 {[%clk 0:25:28]}  Rxc2+ {[%clk 0:03:18]} 38. Nxc2 {[%clk 0:25:57]}  g6 {[%clk 0:02:54]} 39. Bb6 {[%clk 0:22:40]}  Bf6 {[%clk 0:01:53]} 40. b4 {[%clk 0:21:45]}  Bd7 {[%clk 0:01:17]} 41. Bd4 {[%clk 0:20:44]}  Bd8 {[%clk 0:01:06]} 42. Ne3 {[%clk 0:18:32]}  Ke6 {[%clk 0:29:02]} 43. Ke2 {[%clk 0:48:06]}  Bb5+ {[%clk 0:28:10]} 44. Kd2 {[%clk 0:48:26]}  g5 {[%clk 0:27:32]} 45. f4 {[%clk 0:43:41]}  gxf4 {[%clk 0:25:40]} 46. gxf4 {[%clk 0:44:08]}  Ba6 {[%clk 0:22:14]} 47. Kc3 {[%clk 0:42:29]}  d5 {[%clk 0:20:12]} 48. Be5 {[%clk 0:41:28]}  d4+ {[%clk 0:14:13]} 49. Bxd4 {[%clk 0:39:54]}  Bc7 {[%clk 0:14:39]} 50. Bh8 {[%clk 0:33:58]}  Bxf4 {[%clk 0:14:30]} 51. Nc2 {[%clk 0:34:15]}  Bc8 {[%clk 0:11:52]} 52. h4 {[%clk 0:33:14]}  Kd5 {[%clk 0:09:55]} 53. Nd4 {[%clk 0:30:17]}  Ke4 {[%clk 0:09:08]} 54. h5 {[%clk 0:18:30]}  Bb8 {[%clk 0:08:32]} 55. Nc6 {[%clk 0:15:21]}  Bd6 {[%clk 0:08:26]} 56. b5 {[%clk 0:14:07]}  Bd7 {[%clk 0:07:08]} 57. Kc4 {[%clk 0:13:56]}  f4 {[%clk 0:05:32]} 58. Bd4 {[%clk 0:14:20]}  Be6+ {[%clk 0:04:13]} 59. Kc3 {[%clk 0:14:37]}  f3 {[%clk 0:04:12]} 60. Bf2 {[%clk 0:13:16]}  Bd5 {[%clk 0:03:51]} 61. Nb4 {[%clk 0:13:08]}  Bb7 {[%clk 0:03:09]} 62. Nd3 {[%clk 0:12:04]}  Kf5 {[%clk 0:01:35]} 63. h6 {[%clk 0:11:44]}  Kg4 {[%clk 0:01:00]} 64. Kd2 {[%clk 0:03:34]}  Kh3 {[%clk 0:00:51]} 65. Ne1 {[%clk 0:03:21]}  Bf4+ {[%clk 0:01:04]} 66. Kd3 {[%clk 0:03:07]}  Bxh6 {[%clk 0:01:28]} 67. Kd4 {[%clk 0:03:00]}  Bf8 {[%clk 0:01:20]} 68. Ke5 {[%clk 0:03:10]}  h5 {[%clk 0:01:31]} 69. Kf4 {[%clk 0:03:16]}  Bh6+ {[%clk 0:01:38]} 70. Kf5 {[%clk 0:03:31]}  Bd2 {[%clk 0:01:30]} 71. b6 {[%clk 0:03:41]}  Bc8+ {[%clk 0:01:23]} 72. Ke4 {[%clk 0:03:56]}  Kg4 {[%clk 0:00:53]} 73. Nd3 {[%clk 0:04:13]}  Bf5+ {[%clk 0:00:35]} 74. Kd4 {[%clk 0:04:33]}  Bxd3 {[%clk 0:00:32]} 75. Kxd3 {[%clk 0:04:25]}  Bf4 {[%clk 0:00:58]} 76. Ke4 {[%clk 0:04:36]}  Bb8 {[%clk 0:00:38]} 77. b7 {[%clk 0:05:00]}  Bc7 {[%clk 0:00:34]} 78. Bb6 {[%clk 0:05:02]}  Bg3 {[%clk 0:00:39]} 79. Bf2 {[%clk 0:05:16]}  Bb8 {[%clk 0:00:52]} 80. Be1 {[%clk 0:05:07]}  Bc7 {[%clk 0:00:40]} 81. Bf2 {[%clk 0:05:16]}  Bb8 {[%clk 0:00:39]} 82. Be1 {[%clk 0:05:44]}  Bc7 {[%clk 0:00:35]} 83. Bf2 {[%clk 0:06:12]} 1/2-1/2

[Event "45th FIDE Chess Olympiad Open"]
[Site "Budapest, Hungary"]
[Date "2024.09.22"]
[Round "11"]
[White "Sanchez Alvarez, Roberto Carlos"]
[Black "Alrehaili, Ahmed Abdullah S"]
[Result "1-0"]
[Board "213"]
[WhiteFideId "3508684"]
[BlackFideId "21518840"]
[WhiteTitle "IM"]
[BlackTitle "FM"]
[WhiteElo "2376"]
[BlackElo "2117"]
[WhiteTeam "Panama"]
[BlackTeam "Saudi Arabia"]
[WhiteClock "0:23:04"]
[BlackClock "0:01:05"]
[Variant "Standard"]

1. d4 {[%clk 1:30:57]}  Nf6 {[%clk 1:30:39]} 2. c4 {[%clk 1:31:03]}  g6 {[%clk 1:30:44]} 3. Nc3 {[%clk 1:31:24]}  Bg7 {[%clk 1:30:57]} 4. e4 {[%clk 1:31:42]}  d6 {[%clk 1:30:52]} 5. h3 {[%clk 1:31:58]}  O-O {[%clk 1:30:37]} 6. Be3 {[%clk 1:32:20]}  c5 {[%clk 1:28:34]} 7. Nf3 {[%clk 1:32:20]}  cxd4 {[%clk 1:26:54]} 8. Nxd4 {[%clk 1:32:34]}  Nc6 {[%clk 1:26:32]} 9. Be2 {[%clk 1:32:50]}  Bd7 {[%clk 1:25:27]} 10. O-O {[%clk 1:32:59]}  a6 {[%clk 1:23:21]} 11. Qc2 {[%clk 1:28:51]}  Qc7 {[%clk 1:19:09]} 12. Rac1 {[%clk 1:20:05]}  Nxd4 {[%clk 1:05:28]} 13. Bxd4 {[%clk 1:19:26]}  Be6 {[%clk 0:45:41]} 14. b4 {[%clk 0:59:36]}  Nd7 {[%clk 0:33:17]} 15. Be3 {[%clk 0:48:03]}  Rac8 {[%clk 0:29:26]} 16. Qd2 {[%clk 0:46:03]}  b5 {[%clk 0:14:52]} 17. Nd5 {[%clk 0:43:51]}  Bxd5 {[%clk 0:13:03]} 18. exd5 {[%clk 0:44:18]}  bxc4 {[%clk 0:12:15]} 19. Rxc4 {[%clk 0:42:04]}  Qb7 {[%clk 0:12:17]} 20. Rfc1 {[%clk 0:42:23]}  Rxc4 {[%clk 0:08:19]} 21. Rxc4 {[%clk 0:42:37]}  Ne5 {[%clk 0:07:36]} 22. Rc2 {[%clk 0:42:18]}  Rc8 {[%clk 0:06:34]} 23. a3 {[%clk 0:42:45]}  Nd7 {[%clk 0:02:46]} 24. Qc1 {[%clk 0:32:12]}  Rxc2 {[%clk 0:02:32]} 25. Qxc2 {[%clk 0:32:39]}  Nb8 {[%clk 0:01:07]} 26. Qc4 {[%clk 0:32:00]}  Kf8 {[%clk 0:01:04]} 27. a4 {[%clk 0:29:39]}  Ke8 {[%clk 0:01:10]} 28. a5 {[%clk 0:27:34]}  Kd7 {[%clk 0:01:04]} 29. Bb6 {[%clk 0:25:33]}  Qc8 {[%clk 0:00:43]} 30. b5 {[%clk 0:22:36]}  Qxc4 {[%clk 0:00:45]} 31. Bxc4 {[%clk 0:23:04]}  Kc8 {[%clk 0:00:53]} 32. bxa6 {[%clk 0:23:25]}  Nd7 {[%clk 0:01:05]} 33. Bb5 {[%clk 0:23:04]} 1-0